00688nam a2200217Ia 4500003000400000005001700004008004100021020001800062040000700080041000800087082001300095100002300108245004800131260004500179300001200224365001300236906005100249942001200300999001900312952013900331OSt20230419091920.0210423s2011 xx 000 0 und d a9788178846835 cAL aeng a820 DSOL aDSOUZA (L).990301 aStudies in contemporary english literature. aNew DelhibCyber Tech Publicationsc2011 a270bPB b800cINR acontemporary ; english ; literature. ; Studies 2ddccBK c160121d160121 001040708MAENGaSACPGbSACPGd2011-10-07eB B Booksg800.00l1o820 DSOLpPG006600r2023-08-14 00:00:00s2023-08-05w2021-04-26yBK